000 00519cam a2200193ua 4500
001 11408
008 190917n ii |||gr||||Z||||||eng
020 _a9789352864867
040 _cMAIN
041 _aeng
082 _a332.0954
100 _aBharati V Pathak,
_eAuthor.
245 _aIndian financial system :
_bMarkets, institutions and services /
_cBy Bharati V Pathak .
250 _a1st imp.
260 _aUttar Pradesh:
_bPearson,
_c2018.
300 _a876p.
653 _aFinancial economics
942 _cBK
999 _c10250
_d10250